000 00700nam a2200229 a 4500
001 000034881
005 20200930073948.0
008 111021s1927 fr ac 001 0 fre d
040 _aDO-SdBNP
_bspa
_cBNPHU
041 1 7 _afre
082 _a540.92
_bB539B
100 1 _aBoutaric, Auguste Marius A.
_960436
245 1 0 _aMarcellin Berthelot (1827-1907) /
_cA. Boutaric.
260 _aParís :
_bPayot,
_c1927.
300 _a218 p. :
_bil., retrs. ;
_c23 cm.
504 _aBibliografía y notas al pie de páginas.
546 _aFrancés
600 1 4 _aBERTHELOT, MARCELLIN,
_d1827-1907
_960437
650 4 _aQuímicos
_zFrancia
_960438
910 _aValidado. Control de calidad EMS
049 _aBNPD
999 _c34372
_d34372